[Event "Canadian op"]
[Site "Quebec"]
[Date "2018.07.08"]
[Round "2"]
[White "Kaufman, Raymond"]
[Black "Chevalier, Francois"]
[Result "1-0"]
[WhiteElo "2201"]
[BlackElo "1720"]
[PlyCount "49"]
[EventDate "2018.07.07"]
[EventType "swiss"]
[EventRounds "9"]
[EventCountry "CAN"]
[SourceTitle "CBM 185 Extra"]
[Source "ChessBase"]
[SourceDate "2018.07.29"]
[SourceVersion "1"]
[SourceVersionDate "2018.07.29"]
[SourceQuality "1"]

1. e4 e5 2. Nf3 Nc6 3. Bb5 g6 4. d4 exd4 5. Bg5 Be7 6. h4 Nf6 7. e5 Nd5 8. Bxc6 dxc6 9. Qxd4 Be6 10. a3 Nb6 11. Nc3 Qxd4 12. Nxd4 Bd5 13. f3 a6 14. 0-0-0 h6 15. Bxe7 Kxe7 16. h5 g5 17. Rhe1 Rad8 18. g3 c5 19. Nf5+ Ke6 20. Ng7+ Ke7 21. f4 Rh7 22. f5 f6 23. Ne6 Bxe6 24. exf6+ Ke8 25. Rxe6+ 1-0

[Event "Laval op"]
[Site "Laval"]
[Date "2016.06.23"]
[Round "1.12"]
[White "Turcotte, Jonathan"]
[Black "Chevalier, Francois"]
[Result "1-0"]
[WhiteElo "1975"]
[BlackElo "1768"]
[PlyCount "105"]
[EventDate "2016.06.23"]
[EventType "swiss"]
[EventRounds "7"]
[EventCountry "CAN"]
[SourceTitle "EXT 2022"]
[Source "ChessBase"]
[SourceDate "2021.10.06"]
[SourceVersion "1"]
[SourceVersionDate "2021.10.06"]
[SourceQuality "1"]

1. d4 Nf6 2. c4 e6 3. Nf3 d5 4. Nc3 c6 5. Bg5 Be7 6. e3 0-0 7. Rc1 Nbd7 8. Bd3 dxc4 9. Bxc4 Nd5 10. Bxe7 Qxe7 11. 0-0 Nxc3 12. Rxc3 b6 13. Qe2 Bb7 14. Rfc1 Rfc8 15. Ba6 Nb8 16. Bxb7 Qxb7 17. Qc2 Na6 18. a3 c5 19. b4 Nc7 20. bxc5 Nd5 21. Rb3 Rc7 22. h3 Rac8 23. Ng5 g6 24. Ne4 Rc6 25. Qb2 Qd7 26. Rd1 Qe7 27. cxb6 axb6 28. Ng3 Rc2 29. Qb1 f5 30. a4 Qc7 31. Rb2 Rc4 32. Qd3 Rc3 33. Qb5 Nxe3 34. Re1 Rc1 35. Rbe2 Rxe1+ 36. Rxe1 Nd5 37. Rxe6 Rd8 38. Ne2 Kf7 39. Re5 Qd7 40. Qc4 Kf6 41. Nc1 Ne7 42. Nb3 Qd6 43. Rb5 Nd5 44. Nd2 Nc7 45. Rb4 Nd5 46. Rb1 Rd7 47. Nf3 Rc7 48. Qb3 Rc3 49. Qb5 Rc7 50. Qe8 Qe7 51. Qg8 Qf7 52. Qh8+ Qg7 53. Qd8+ 1-0

[Event "McGill op"]
[Site "Montreal"]
[Date "2015.05.02"]
[Round "3"]
[White "Pomerantz, Daniel"]
[Black "Chevalier, Francois"]
[Result "1-0"]
[WhiteElo "1925"]
[BlackElo "1849"]
[PlyCount "87"]
[EventDate "2015.05.01"]
[EventType "swiss"]
[EventRounds "5"]
[EventCountry "CAN"]
[SourceTitle "EXT 2019"]
[Source "ChessBase"]
[SourceDate "2018.10.10"]
[SourceVersion "1"]
[SourceVersionDate "2018.10.10"]
[SourceQuality "1"]

1. e4 c6 2. d4 d5 3. Nd2 dxe4 4. Nxe4 Bf5 5. Ng3 Bg6 6. Nf3 Nf6 7. h4 h6 8. h5 Bh7 9. Bd3 Bxd3 10. Qxd3 e6 11. Bd2 c5 12. 0-0-0 Nc6 13. Bc3 cxd4 14. Nxd4 Qd7 15. Qc4 Nxd4 16. Bxd4 Qc6 17. Qxc6+ bxc6 18. Bxf6 gxf6 19. Rd3 Be7 20. Rhd1 Rd8 21. Rxd8+ Bxd8 22. Rd6 Rg8 23. Rxc6 Kd7 24. Rc3 Bb6 25. Rf3 f5 26. Kd2 Rg4 27. Ke2 Rh4 28. b3 Rh2 29. Rd3+ Ke7 30. Kf3 Rh4 31. c4 Bc5 32. Rd1 Kf6 33. Rd8 e5 34. Ke2 Bb6 35. Rh8 Kg5 36. Rh7 f6 37. Rg7+ Kf4 38. Rg6 Rg4 39. Rxf6 Rg5 40. Rg6 e4 41. b4 Bd4 42. c5 e3 43. Rxg5 hxg5 44. c6 1-0

[Event "Quebec-ch Amateur U2000"]
[Site "Montreal"]
[Date "2014.10.13"]
[Round "6"]
[White "Chevalier, Francois"]
[Black "Fan, Run Kun"]
[Result "1-0"]
[WhiteElo "1761"]
[BlackElo "1712"]
[PlyCount "96"]
[EventDate "2014.10.10"]
[EventType "swiss"]
[EventRounds "7"]
[EventCountry "CAN"]
[SourceTitle "EXT 2022"]
[Source "ChessBase"]
[SourceDate "2021.10.06"]
[SourceVersion "1"]
[SourceVersionDate "2021.10.06"]
[SourceQuality "1"]

1. d4 d5 2. Bf4 Nf6 3. e3 e6 4. Nd2 Be7 5. Bd3 b6 6. c3 Bb7 7. Ngf3 0-0 8. Qe2 c5 9. 0-0 Nc6 10. Rad1 c4 11. Bb1 Nh5 12. Bg3 Nxg3 13. hxg3 b5 14. Ne5 Bf6 15. f4 Re8 16. Bxh7+ Kxh7 17. Qh5+ Kg8 18. Qxf7+ Kh8 19. Qxb7 Nxe5 20. dxe5 Be7 21. Nf3 a6 22. Nd4 Bc5 23. Qc7 Qe7 24. Qxe7 Rxe7 25. Kf2 a5 26. Kf3 b4 27. g4 Bxd4 28. exd4 a4 29. cxb4 a3 30. Rf2 Rb7 31. f5 Rxb4 32. bxa3 Rxa3+ 33. Kf4 Kg8 34. fxe6 Rb8 35. Kg5 Re8 36. Rdd2 Rxe6 37. Kf5 Kf7 38. g5 Re7 39. g6+ Kg8 40. Rb2 Ra8 41. e6 Rae8 42. Rfe2 Rc7 43. Rbc2 Rc6 44. Re5 Rd6 45. a4 Rf8+ 46. Kg4 Re8 47. e7 Kh8 48. Rf2 Kg8 1-0

[Event "Quebec-ch Amateur U2000"]
[Site "Montreal"]
[Date "2014.10.13"]
[Round "7"]
[White "Morin, Louis"]
[Black "Chevalier, Francois"]
[Result "1-0"]
[WhiteElo "1977"]
[BlackElo "1761"]
[PlyCount "103"]
[EventDate "2014.10.10"]
[EventType "swiss"]
[EventRounds "7"]
[EventCountry "CAN"]
[SourceTitle "EXT 2022"]
[Source "ChessBase"]
[SourceDate "2021.10.06"]
[SourceVersion "1"]
[SourceVersionDate "2021.10.06"]
[SourceQuality "1"]

1. e4 c5 2. d4 cxd4 3. c3 dxc3 4. Nxc3 Nc6 5. Nf3 d6 6. Bc4 e6 7. 0-0 Be7 8. Qe2 Nf6 9. Rd1 e5 10. h3 0-0 11. Be3 a6 12. Rac1 Be6 13. Bxe6 fxe6 14. Ng5 Qc8 15. Na4 Nd7 16. Nxe6 Rf6 17. Qc4 Kh8 18. Ng5 Qg8 19. Qxg8+ Kxg8 20. Nc3 Rg6 21. Nf3 Rf8 22. Nd5 Bd8 23. Kf1 h6 24. a3 Nf6 25. Nxf6+ Rgxf6 26. Ke2 Rg6 27. Kf1 Rgf6 28. Kg1 Rg6 29. Kh2 Rgf6 30. Rc2 g5 31. Kg1 Rg6 32. Nh2 h5 33. g4 Rh6 34. Kg2 Kg7 35. gxh5 Be7 36. h4 Rxh5 37. hxg5 Bxg5 38. Rxd6 Bxe3 39. fxe3 Rg5+ 40. Kh1 Rf7 41. Rcd2 Rg6 42. Rxg6+ Kxg6 43. b4 Kf6 44. Kg2 Ke6 45. Nf3 Rg7+ 46. Kf2 Rd7 47. Ng5+ Ke7 48. Rd5 Rc7 49. Kf3 Kf6 50. Kg4 Ne7 51. Rd6+ Kg7 52. Ne6+ 1-0

[Event "Quebec-ch Amateur U2000"]
[Site "Montreal"]
[Date "2014.10.11"]
[Round "2"]
[White "Chevalier, Francois"]
[Black "Saine, Zachary"]
[Result "1-0"]
[WhiteElo "1761"]
[BlackElo "1706"]
[PlyCount "49"]
[EventDate "2014.10.10"]
[EventType "swiss"]
[EventRounds "7"]
[EventCountry "CAN"]
[SourceTitle "EXT 2022"]
[Source "ChessBase"]
[SourceDate "2021.10.06"]
[SourceVersion "1"]
[SourceVersionDate "2021.10.06"]
[SourceQuality "1"]

1. d4 d5 2. Bf4 e6 3. e3 Nf6 4. Nd2 Bd6 5. Bg3 0-0 6. Bd3 Re8 7. f4 b6 8. Qe2 c5 9. c3 a5 10. Ngf3 c4 11. Bc2 b5 12. 0-0 Bb7 13. Bh4 Nbd7 14. Ne5 Qc7 15. Qf3 Reb8 16. g4 Ne8 17. g5 f5 18. gxf6 Nexf6 19. Qh3 Re8 20. Qf3 Ra6 21. Rf2 Nb6 22. Bxf6 gxf6 23. Rg2+ Kh8 24. Qh5 fxe5 25. Qxe8+ 1-0

[Event "Quebec-ch Amateur U2000"]
[Site "Montreal"]
[Date "2014.10.11"]
[Round "3"]
[White "Desjardins, Michel"]
[Black "Chevalier, Francois"]
[Result "0-1"]
[WhiteElo "1838"]
[BlackElo "1761"]
[PlyCount "158"]
[EventDate "2014.10.10"]
[EventType "swiss"]
[EventRounds "7"]
[EventCountry "CAN"]
[SourceTitle "EXT 2022"]
[Source "ChessBase"]
[SourceDate "2021.10.06"]
[SourceVersion "1"]
[SourceVersionDate "2021.10.06"]
[SourceQuality "1"]

1. e4 e6 2. d4 d5 3. e5 c5 4. c3 Nc6 5. Nf3 Nge7 6. a3 cxd4 7. cxd4 Nf5 8. b4 Qb6 9. Be3 Be7 10. Bd3 0-0 11. Bxf5 exf5 12. Nc3 Be6 13. 0-0 Rfc8 14. Qd3 Qd8 15. g3 a6 16. h4 g6 17. Rfc1 Na7 18. Na4 Rxc1+ 19. Rxc1 Rc8 20. Nc5 Rc7 21. Ng5 Qc8 22. Qd2 Rc6 23. a4 b6 24. Nd3 Rxc1+ 25. Qxc1 Qxc1+ 26. Bxc1 Nc6 27. Bd2 Nxd4 28. Be3 Nc2 29. Bxb6 Nxb4 30. Nf4 Bd7 31. a5 Bb5 32. Nf3 Bc4 33. Nd4 Nd3 34. Nc6 Ba3 35. Nxd3 Bxd3 36. f4 Kf8 37. Kf2 Bc1 38. Ke1 Ke8 39. Kd1 Bb2 40. Kd2 Bc4 41. Kc2 Ba3 42. Kd2 Kd7 43. Nb8+ Ke6 44. Nc6 Bb5 45. Nd8+ Ke7 46. Nb7 Bb4+ 47. Ke3 Be1 48. Kf3 Bb4 49. Nd6 Bxd6 50. exd6+ Kxd6 51. Ke3 Bd7 52. Kd4 Kc6 53. Bd8 Be6 54. Bb6 Kb5 55. Bd8 Kb4 56. Bb6 Kb3 57. Kd3 Kb2 58. Kd2 Bd7 59. Bc7 Bb5 60. Bb6 Kb3 61. Ba7 Kb4 62. Bb6 Kc4 63. Ke3 Kb4 64. Kd4 Kb3 65. Ke3 Kc4 66. Ba7 Kc3 67. Bd4+ Kc2 68. Bb6 Kd1 69. Bd4 Ke1 70. Bc3+ Kf1 71. Bd2 Kg2 72. Be1 Bc4 73. Kd2 Kf3 74. Kd1 d4 75. Kd2 d3 76. Kc3 Ke2 77. Kxc4 Kxe1 78. Kxd3 Kf2 79. Kd4 Kxg3 0-1

[Event "OP-2014-0-03462"]
[Site "LSS email"]
[Date "2014.08.09"]
[Round "?"]
[White "Kharchuk, Yurij"]
[Black "Chevalier, Francois"]
[Result "1/2-1/2"]
[WhiteElo "1483"]
[BlackElo "1769"]
[PlyCount "57"]
[EventDate "2014.08.04"]
[EventType "tourn (corr)"]
[EventRounds "4"]
[EventCountry "GER"]
[SourceTitle "Corr 2015"]
[Source "ChessBase"]
[SourceDate "2015.07.17"]
[SourceVersion "1"]
[SourceVersionDate "2015.07.17"]
[SourceQuality "1"]

1. e4 e6 2. d4 d5 3. exd5 exd5 4. Bd3 Nc6 5. Nf3 Bd6 6. 0-0 Bg4 7. c3 Nge7 8. h3 Bh5 9. Be3 Qd7 10. Nbd2 0-0-0 11. Qc2 Bg6 12. Rfe1 f6 13. b4 Bxd3 14. Qxd3 g5 15. Nh2 h5 16. Nb3 Rde8 17. b5 Nd8 18. Nc5 Qf5 19. Qxf5+ Nxf5 20. Nf1 Rhg8 21. Nd3 g4 22. hxg4 Rxg4 23. f3 Rg7 24. Bf4 Reg8 25. Re2 Ne6 26. Bxd6 cxd6 27. Kh1 Kd7 28. Rae1 Re7 29. Kh2 1/2-1/2

[Event "OP-2014-0-03462"]
[Site "LSS email"]
[Date "2014.08.09"]
[Round "?"]
[White "Lenz, Juergen"]
[Black "Chevalier, Francois"]
[Result "0-1"]
[WhiteElo "947"]
[BlackElo "1769"]
[PlyCount "44"]
[EventDate "2014.08.04"]
[EventType "tourn (corr)"]
[EventRounds "4"]
[EventCountry "GER"]
[SourceTitle "Corr 2015"]
[Source "ChessBase"]
[SourceDate "2015.07.17"]
[SourceVersion "1"]
[SourceVersionDate "2015.07.17"]
[SourceQuality "1"]

1. d4 Nf6 2. Nf3 e6 3. Bf4 Nh5 4. Bg5 Be7 5. Bxe7 Qxe7 6. g3 Nf6 7. Nbd2 d6 8. e4 e5 9. Bd3 exd4 10. Nxd4 Bh3 11. Qe2 c5 12. Nb5 0-0 13. 0-0-0 Nc6 14. Nc4 a6 15. Nc3 b5 16. Ne3 c4 17. Ned5 Nxd5 18. exd5 cxd3 19. Qxd3 Ne5 20. Qd4 f5 21. f4 Nf3 22. Qd3 Bg2 0-1

[Event "Quebec Montcalm op"]
[Site "Quebec"]
[Date "2014.01.11"]
[Round "3"]
[White "Chevalier, Francois"]
[Black "Bolduc, Steve"]
[Result "1/2-1/2"]
[WhiteElo "1723"]
[BlackElo "2192"]
[PlyCount "61"]
[EventDate "2014.01.10"]
[EventType "swiss"]
[EventRounds "5"]
[EventCountry "CAN"]
[SourceTitle "EXT 2022"]
[Source "ChessBase"]
[SourceDate "2021.10.06"]
[SourceVersion "1"]
[SourceVersionDate "2021.10.06"]
[SourceQuality "1"]

1. e4 c5 2. Nf3 d6 3. d4 Nf6 4. dxc5 Nxe4 5. Bb5+ Nc6 6. Bxc6+ bxc6 7. cxd6 Ba6 8. Nbd2 Qa5 9. d7+ Kxd7 10. Nd4 Nxd2 11. Qxd2 Qxd2+ 12. Bxd2 e5 13. Nb3 Bc4 14. 0-0-0 Bxb3 15. axb3 Ke6 16. Be3 Bd6 17. g4 a5 18. f3 a4 19. bxa4 Rxa4 20. h3 Rb8 21. c3 Ra1+ 22. Kc2 Ra2 23. Bc1 Bc7 24. Rhe1 h5 25. Rd3 hxg4 26. hxg4 Rh8 27. Red1 Raa8 28. Rd7 Rac8 29. Bg5 f6 30. Be3 Rhd8 31. Rxd8 1/2-1/2

[Event "Montmagny op"]
[Site "Montmagny"]
[Date "2009.11.06"]
[Round "1"]
[White "Kraiouchkine, Nikita"]
[Black "Chevalier, Francois"]
[Result "1-0"]
[WhiteElo "2287"]
[BlackElo "1812"]
[PlyCount "103"]
[EventDate "2009.11.06"]
[EventType "swiss"]
[EventRounds "5"]
[EventCountry "CAN"]
[SourceTitle "EXT 2011"]
[Source "ChessBase"]
[SourceDate "2010.11.26"]
[SourceVersion "1"]
[SourceVersionDate "2010.11.26"]
[SourceQuality "1"]

1. e4 c6 2. d4 d5 3. Nc3 dxe4 4. Nxe4 Nd7 5. Ng5 Ngf6 6. Bd3 e6 7. N1f3 Bd6 8. Qe2 h6 9. Ne4 Nxe4 10. Qxe4 Qc7 11. 0-0 b6 12. Re1 Bb7 13. Ne5 Bxe5 14. dxe5 Nc5 15. Qg4 Nxd3 16. cxd3 0-0-0 17. d4 Kb8 18. Be3 h5 19. Qe2 Rd5 20. b4 g6 21. a4 b5 22. Rec1 Qd7 23. Qa2 a6 24. Qc2 Rc8 25. Rd1 Qe7 26. Qd2 Qd7 27. a5 Rd8 28. Ra3 Rc8 29. Rd3 Rd8 30. Bg5 Rc8 31. Bf6 Qe8 32. Kf1 Rc7 33. Ke2 Rcd7 34. Qh6 Ka7 35. Qh8 Qxh8 36. Bxh8 Kb8 37. Bf6 Kc7 38. Ke3 Kb8 39. f3 Rc7 40. g4 hxg4 41. fxg4 Rc8 42. h4 Rg8 43. Kf4 Rd7 44. R3d2 Rc7 45. h5 gxh5 46. gxh5 Rcc8 47. Rh2 Kc7 48. h6 Rh8 49. Bxh8 Rxh8 50. h7 Kd7 51. Rg1 Ke7 52. Rg8 1-0

[Event "Lanaudiere"]
[Site "Repentigny"]
[Date "2008.08.15"]
[Round "3"]
[White "Lacroix, Serge"]
[Black "Chevalier, Francois"]
[Result "1/2-1/2"]
[WhiteElo "1848"]
[BlackElo "1776"]
[PlyCount "61"]
[EventDate "2008.08.15"]
[EventType "swiss"]
[EventRounds "5"]
[EventCountry "CAN"]
[SourceTitle "EXT 2011"]
[Source "ChessBase"]
[SourceDate "2010.11.26"]
[SourceVersion "1"]
[SourceVersionDate "2010.11.26"]
[SourceQuality "1"]

1. d4 d5 2. c4 e6 3. Nc3 Nf6 4. Bg5 Be7 5. cxd5 exd5 6. e3 0-0 7. Qc2 Nbd7 8. Bd3 h6 9. Bh4 b6 10. Nf3 Bb7 11. 0-0 c5 12. Bf5 Ne4 13. Bxe7 Qxe7 14. Bxd7 Qxd7 15. dxc5 bxc5 16. Nxe4 dxe4 17. Rfd1 Qe7 18. Nd2 Rfd8 19. Nc4 Rxd1+ 20. Rxd1 Rd8 21. b3 Ba6 22. h3 Rxd1+ 23. Qxd1 Bxc4 24. bxc4 Qe6 25. Qb3 g5 26. a4 Qe5 27. Qb5 Qa1+ 28. Kh2 Qe5+ 29. Kg1 Qa1+ 30. Kh2 Qe5+ 31. Kg1 1/2-1/2